000
00426nam a2200157Ia 4500
008
220531s9999 xx 000 0 und d
041
_a
mar
100
_a
कामत साधना.
_9
52408
245
_a
जन्माचे गुन्हेगार
260
_b
Padmagandha
_c
2005
300
_a
175
542
_d
18-02-2009
650
_a
Sociology
_9
52409
906
_d
2008-2009
999
_c
30423
_d
30423